UEFA National Champions 2022/2023 season - Statistics

General Stats
  • This quiz has been taken 25 times
    3 since last reset
  • The average score is 31 of 42
Answer Stats
Hint Answer % Correct
Spain Barcelona
100%
Germany Bayern Munich
100%
Portugal Benfica
100%
Netherlands Feyenoord
100%
Turkey Galatasaray
100%
England Manchester City
100%
Italy Napoli
100%
France Paris Saint-Germain
100%
Belgium Royal Antwerp
100%
Switzerland Young Boys
100%
Greece AEK Athens
67%
Cyprus Aris Limassol
67%
Andorra Atlètic Club d'Escaldes
67%
Kosovo Ballkani
67%
Scotland Celtic
67%
Denmark Copenhagen
67%
Croatia Dinamo Zagreb
67%
Romania Farul Constanța
67%
Hungary Ferencváros
67%
Malta Ħamrun Spartans
67%
Northern Ireland Larne
67%
Gibraltar Lincoln Red Imps
67%
Bulgaria Ludogorets Razgrad
67%
Israel Maccabi Haifa
67%
Slovenia Olimpija Ljubljana
67%
Albania Partizani
67%
Azerbaijan Qarabağ
67%
Poland Raków Częstochowa
67%
Austria Red Bull Salzburg
67%
Serbia Red Star Belgrade
67%
Ukraine Shakhtar Donetsk
67%
Moldova Sheriff Tiraspol
67%
Slovakia Slovan Bratislava
67%
Czechia Sparta Prague
67%
North Macedonia Struga
67%
Luxembourg Swift Hesperange
67%
Wales The New Saints
67%
San Marino Tre Penne
67%
Armenia Uratru
67%
Russia Zenit Saint Petersburg
67%
Bosnia and Herzegovina Zrinjski Mostar
67%
Montenegro Budućnost Podgorica
33%
No matching quizzes found
Score Distribution
Percent of People with Each Score
Percentile by Number Answered
Your Score History
You have not taken this quiz since the last reset